|
|
|
|
| LEADER |
00000nam a2200000 4500 |
| 001 |
vtls012075550 |
| 003 |
SK-MaSNL |
| 005 |
20260302024730.0 |
| 008 |
211029s2021 xo ob frn 000 0 slo |
| 015 |
|
|
|a SNBA2021/12
|
| 020 |
|
|
|a 9788080933210
|q (brožované)
|
| 040 |
|
|
|a SNK
|b slo
|c SNK
|e rda
|
| 041 |
0 |
|
|a slo
|
| 043 |
|
|
|a e-xo---
|
| 044 |
|
|
|a xo
|c SK
|
| 072 |
|
7 |
|a 630
|x Lesníctvo
|2 konspekt
|
| 080 |
|
|
|a 630*27
|2 2011
|
| 080 |
|
|
|a 582.091/.097
|2 2011
|
| 080 |
|
|
|a (048.8)
|2 2011
|
| 080 |
|
|
|a (437.642)
|2 2011
|
| 100 |
1 |
|
|a Slávik, Martin,
|d 1958-
|4 aut
|4 pht
|9 673154
|
| 245 |
1 |
0 |
|a Prevádzkovo využiteľné dreviny Lesníckeho arboréta Kysihýbel
|c Martin Slávik ; fotografie: Jozef Valdovič, Martin Slávik, Miriam Maľová, Ľuboš Frič
|
| 264 |
|
1 |
|a Zvolen
|b Národné lesnícke centrum - Lesnícky výskumný ústav
|c 2021
|
| 300 |
|
|
|a 93 strán
|b farebné fotografie, mapy
|c 25 cm
|
| 336 |
|
|
|a text
|b txt
|2 rdacontent
|
| 336 |
|
|
|a statický obraz
|b sti
|2 rdacontent
|
| 337 |
|
|
|a bez média
|b n
|2 rdamedia
|
| 338 |
|
|
|a zväzok
|b nc
|2 rdacarrier
|
| 366 |
|
|
|e 500 kusov
|
| 504 |
|
|
|a Bibliografia na strane 93
|
| 610 |
2 |
7 |
|a Lesnícke arborétum (Kysihýbel, Banský Studenec, Slovensko)
|2 SNKKA
|9 201680
|
| 650 |
0 |
7 |
|a arboréta
|2 SNKPH
|9 91047
|
| 650 |
0 |
7 |
|a Arboretums
|2 SNKPHeng
|9 324758
|
| 650 |
0 |
7 |
|a dreviny
|2 SNKPH
|9 18801
|
| 650 |
0 |
7 |
|a Woody plants
|2 SNKPHeng
|9 324759
|
| 650 |
0 |
7 |
|a exotické rastliny
|2 SNKPH
|9 86761
|
| 650 |
0 |
7 |
|a Exotic plants
|2 SNKPHeng
|9 414284
|
| 651 |
|
7 |
|a Banský Studenec (Slovensko)
|2 SNKPHgeo
|9 106936
|
| 651 |
|
7 |
|a Banský Studenec (Slovakia)
|2 SNKPHeng
|9 491290
|
| 655 |
|
7 |
|a prehľady
|2 SNKPH
|9 70194
|
| 655 |
|
7 |
|a Surveys
|2 SNKPHeng
|9 266058
|
| 700 |
1 |
|
|a Valdovič, Jozef
|4 pht
|9 673155
|
| 700 |
1 |
|
|a Niklová, Miriam,
|d 1981-
|4 pht
|9 190281
|
| 700 |
1 |
|
|a Frič, Ľuboš
|4 pht
|9 476394
|
| 919 |
|
|
|a 978-80-8093-321-0
|
| 958 |
|
|
|a NB
|
| 999 |
|
|
|c 1041521
|d 1043451
|
| 952 |
|
|
|a SNK
|b SNK
|y PREZ
|7 0
|p 17A1467976
|o snkSC 195040
|i snk2021/16872
|8 0
|0 0
|1 0
|4 0
|d 2021-10-29
|f 1
|l 0
|r 2025-10-15 00:00:00
|w 2026-02-24
|
| 952 |
|
|
|a SNK
|b SNK
|y VYP
|7 0
|p 17A1467977
|o snkSC 195040 D1
|i snk2021/16873
|8 0
|0 0
|1 0
|4 0
|d 2021-10-29
|l 0
|r 2026-02-24 14:26:29
|w 2026-02-24
|